000
00217nam a2200097Ia 4500
008
220204s9999 xx 000 0 und d
082
_a
82-3
_b
KEE
100
_a
Keene, Carolyn
245
0
_a
Haunted carousel
942
_c
BK
999
_c
37475
_d
37475